Identity Without Selfhood : (Record no. 612545)

MARC details
000 -LEADER
fixed length control field 00516nam a2200193 a 4500
008 - FIXED-LENGTH DATA ELEMENTS--GENERAL INFORMATION
fixed length control field 260214s1999##################000#0#eng##
020 ## - INTERNATIONAL STANDARD BOOK NUMBER
ISBN 9780521625791
082 04 - DEWEY DECIMAL CLASSIFICATION NUMBER
Classification number 306.766
Item number FRA
100 1# - MAIN ENTRY--AUTHOR NAME
Personal name Fraser, Mariam,
245 10 - TITLE STATEMENT
Title Identity Without Selfhood :
260 ## - PUBLICATION, DISTRIBUTION, ETC. (IMPRINT)
Name of publisher Cambridge University Press,
Year of publication 1999.
300 ## - PHYSICAL DESCRIPTION
Number of Pages 240 pages
650 #0 - SUBJECT ADDED ENTRY--TOPICAL TERM
Topical Term Literary Criticism.
942 ## - ADDED ENTRY ELEMENTS (KOHA)
Koha item type English Books

No items available.

Find us on the map